000 00396nam a2200169Ia 4500
001 7399
003 IN-NITTTR
005 20251114233028.0
008 251113s9999||||xx |||||||||||||| ||eng||
040 _beng
040 _cIN-NITTTR
041 _aeng
082 _a502 J159Y
100 _aJacobson, Willard J.
245 0 _aYou and Your Environment. /
_cJacobson, Willard J.
942 _2ddc
_cBK
999 _c10037
_d10037